| 000 | 00883nam a2200217Ia 4500 | ||
|---|---|---|---|
| 003 | GCL | ||
| 008 | 140319s9999 xx 000 0 ara d | ||
| 040 |
_aGCL / _cGCL |
||
| 082 | 0 | 4 |
_a790.191 _bس ث |
| 100 | 1 | _aسويت، جوليا | |
| 245 | 1 | 0 |
_a365 طريقة للياقة والغذاء والمرح لجميع افراد الاسرة : _bرياضات رائعة، وألعاب شيقة وتجارب مثيرة، ووجبات عالية القيمة الغذائية / _cسويت، جوليا |
| 260 |
_aالقاهرة : _bمكتبة جرير ، _c2004 |
||
| 300 |
_a522 ص ؛ _c22 سم |
||
| 650 | 0 | 4 | _aالالعاب الرياضية |
| 650 | 0 | 4 | _aالترفيه |
| 650 | 0 | 4 | _aالتسالى |
| 650 | 0 | 4 | _aالاغذية - الجوانب الصحية |
| 650 | 0 | 4 | _aأغذية الأطفال |
| 650 | 0 | 4 | _aالاغذية - الجوانب الصحية |
| 942 |
_2ddc _cBK |
||
| 999 |
_c9300 _d9300 |
||